DICTIONARY OF CLASSICAL MYTHOLOGY (Record no. 10318)

MARC details
000 -LEADER
fixed length control field 00367 a2200157 4500
003 - CONTROL NUMBER IDENTIFIER
control field OSt
005 - DATE AND TIME OF LATEST TRANSACTION
control field 20211007111656.0
008 - FIXED-LENGTH DATA ELEMENTS--GENERAL INFORMATION
fixed length control field 211007b |||||||| |||| 00| 0 eng d
040 ## - CATALOGING SOURCE
Transcribing agency HU
082 ## - DEWEY DECIMAL CLASSIFICATION NUMBER
Classification number 292.1303
100 ## - MAIN ENTRY--PERSONAL NAME
Personal name J .E.ZIMMERMAN
9 (RLIN) 11171
245 ## - TITLE STATEMENT
Title DICTIONARY OF CLASSICAL MYTHOLOGY
260 ## - PUBLICATION, DISTRIBUTION, ETC.
Place of publication, distribution, etc. USA
Name of publisher, distributor, etc. HALL
Date of publication, distribution, etc. 1964
300 ## - PHYSICAL DESCRIPTION
Extent 297
942 ## - ADDED ENTRY ELEMENTS (KOHA)
Source of classification or shelving scheme Dewey Decimal Classification
Koha item type Books like text book referance book
Suppress in OPAC No
Holdings
Withdrawn status Lost status Source of classification or shelving scheme Damaged status Not for loan Home library Current library Shelving location Date acquired Total Checkouts Full call number Barcode Date last seen Copy number Price effective from Koha item type
    Dewey Decimal Classification     Social Library Social Library General Stacks 10/07/2021   292.1303 SHLIB 00011642 10/07/2021 1 10/07/2021 Books like text book referance book